| 000 | 01015nam a2200289 u 4500 | ||
|---|---|---|---|
| 001 | 000057602 | ||
| 005 | 20200120223702.0 | ||
| 008 | 130703s2011 ck r 000 0 spa d | ||
| 020 | _a9789583037849 | ||
| 041 | 0 |
_a*spa _hger |
|
| 043 | _as-ck--- | ||
| 082 | 0 | 4 |
_a155.4124 _bH28 _221 |
| 100 | 1 | _aHeueck-Mauss, Doris | |
| 245 | 1 | 3 |
_aLa edad de la rebeldía : _bcómo tratar adecuadamente las emociones infantiles, un manual educativo que incluye consejos y estrategias / _cDoris Heueck-Mauss ; traducción Camilo Gómez von Rodeck. |
| 250 | _a1a. ed. | ||
| 260 |
_aBogotá : _bPanamericana, _c2011. |
||
| 300 | _a135 p. | ||
| 490 | 0 | _aColección en armonía | |
| 500 | _aIncluye información biográfica del autor | ||
| 500 | _aTítulo original : Das trotzkopfalter | ||
| 650 | 1 | 4 | _aPsicología del adolescente. |
| 650 | 2 | 4 | _aPadres e hijos. |
| 650 | 2 | 4 |
_aJuventud _xAspectos sociales. |
| 650 | 2 | 4 | _aAspectos psicológicos. |
| 650 | 2 | 4 | _aRelaciones familiares. |
| 700 | 1 |
_aGómez von Rodeck, Camilo _btr. |
|
| 999 |
_c6868 _d6868 |
||